| 000 | 00530nam a2200205 a 4500 | ||
|---|---|---|---|
| 999 |
_c10638 _d10638 |
||
| 001 | 10638 | ||
| 003 | BD-JhCC | ||
| 005 | 20191109134020.0 | ||
| 008 | 180801s2011 ii a|||| |||| 000 0 eng d | ||
| 020 | _a9788129118707 | ||
| 035 | _a(BD-JhCC)10638 | ||
| 040 |
_aBD-JhCC _dBD-JhCC |
||
| 041 | _aeng | ||
| 082 |
_a621.31924 _bBAS 2011 |
||
| 245 | _aBasic science electronics / | ||
| 260 |
_aKalkata : _bRupa Co. , _c2011 |
||
| 300 |
_a167 p. : _bill.; _c18 cm. |
||
| 650 | _aElectric apparatus and appliances | ||
| 942 |
_2ddc _cBK _01 |
||